000 00325nam a2200133Ia 4500
008 220204s9999 xx 000 0 und d
082 _a614.88
_bGAR
100 _aGardner, A Ward
245 0 _aNew essential first aid
260 _aLondon
_bBantam
_c1967
650 _aFirst aid
700 _aRoylance, Peter J
942 _cBK
999 _c24703
_d24703